[Event "FRA-ch67 corr"]
[Site "France"]
[Date "2001.06.01"]
[Round "?"]
[White "Hanen, Bernard"]
[Black "Trapeaux, Jerome"]
[Result "1/2-1/2"]
[WhiteElo "2374"]
[BlackElo "2151"]
[PlyCount "108"]
[EventDate "2002.01.01"]
[EventType "tourn (corr)"]
[EventRounds "10"]
[EventCountry "FRA"]
[SourceTitle "Telechess CBM 098"]
[Source "ChessBase"]
[SourceDate "2004.02.04"]
[SourceVersion "1"]
[SourceVersionDate "2004.02.04"]
[SourceQuality "1"]

1. e4 c5 2. Nf3 d6 3. d4 cxd4 4. Nxd4 Nf6 5. Nc3 g6 6. f4 Nbd7 7. Be2 Bg7 8. Bf3 0-0 9. a4 Nc5 10. Be3 Bd7 11. 0-0 Rc8 12. Qe2 a6 13. e5 Ne8 14. Rfd1 dxe5 15. Nc6 bxc6 16. Bxc5 exf4 17. Qxe7 Qxe7 18. Bxe7 Bf5 19. Ne4 Bxb2 20. Rab1 Bg7 21. Rb6 a5 22. Bxf8 Bxf8 23. Ra6 Bb4 24. Rc1 Ba3 25. Re1 Nd6 26. Nxd6 Bxd6 27. c3 Bc7 28. c4 Bd6 29. Rxc6 Rxc6 30. Bxc6 Bc5+ 31. Kh1 Kg7 32. Re8 Kf6 33. Ra8 Bb4 34. c5 Ke6 35. Bf3 h6 36. c6 Kd6 37. Rh8 h5 38. Rd8+ Kc7 39. Rd4 Bd6 40. Rd5 Bb4 41. Rb5 Bc8 42. h4 Ba6 43. Rd5 Bc8 44. Kg1 Be6 45. Rb5 Bc8 46. Kf2 Ba6 47. Rd5 Bc8 48. Re5 Be6 49. Be4 Bc4 50. Bd5 Bd6 51. Rg5 f6 52. Rf5 gxf5 53. Bxc4 Kxc6 54. Bf7 Kd7 1/2-1/2